000 00662nam a22002057a 4500
999 _c16466
_d16466
003 AR-CdUCM
008 190503b ||||| |||| 00| 0 spa d
040 _aMUNICIPALIDAD PROVINCIAL DEL CUSCO
_cBIBLIOTECA MUNICIPAL DEL CUSCO
082 _22ed.
_a869.26 /
_bJ92
100 _aJurado, Alicia
_916075
245 _aJorge Luis Borges /
260 _aBuenos Aires :
_bEditorial Universitaria de Buenos Aires,
_c1966.
300 _a191 paginas ;
_bilustraciones, graficos, dibujos,
_c19 cm.
500 _aHistoria de Borges
650 _aHistoria
_9136
650 _aLiteratura
_983
650 _aBorges
_935925
942 _2ddc
_cLIBROS
945 _apjha
_d2019-05-03